000 00263nam a2200109Ia 4500
005 20251222114350.0
008 251222s1900||||xx |||||||||||||| ||spa||
082 _aDVD0070/B45/1957/Ej.2
245 0 _aEl séptimo sello
264 _bSvensk Filmindustri
942 _cDVD
999 _c1215
_d1215